Top 5 Songs On Modern Life Is Rubbish (Blur) - Statistics

General Stats
  • This quiz has been taken 27 times
  • The average score is 5 of 5
Answer Stats
Hint Answer % Correct
16,237,747 For Tomorrow
100%
2,223,562 Advert
91%
4,691,308 Chemical World
91%
2,357,224 Blue Jeans
86%
1,731,550 Sunday Sunday
86%
No matching quizzes found
Score Distribution
Percent of People with Each Score
Percentile by Number Answered
Your Score History
You have not taken this quiz